| 000 | 00000nam##2200000za#4500 |
| 001 | 9.569977 |
| 003 | CaOODSP |
| 005 | 20210624182025 |
| 007 | cr ||||||||||| |
| 008 | 150406|1999||||xxc|||||o f|0| 0 eng|d |
| 040 | |aCaOODSP|beng |
| 043 | |an-cn--- |
| 086 | 1 |aNH18-1-2/134-1999E-PDF |
| 110 | 2 |aCanada Mortgage and Housing Corporation. |
| 245 | 10|aGreenbacks from green roofs : |h[electronic resource]|bforging a new industry in Canada - status report on benefits, barriers and opportunities for green roof and vertical garden technology diffusion / |cprepared by Steven W. Peck ... [et al.]. |
| 260 | |aOttawa - Ontario : |bCanada Mortgage and Housing Corporation |cMarch 1999. |
| 300 | |a88p.|btable, photographs |
| 490 | 1 |aResearch report |
| 500 | |a"CMHC File 6585-P085"--p.5. |
| 546 | |a(Sommaire en français.) |
| 590 | |a11-26-Supp|b2011-11-03 |
| 720 | 1 |aPeck, Steven W. |
| 830 | #0|aResearch report (Canada Mortgage and Housing Corporation : Online)|w(CaOODSP)9.506068 |
| 856 | 40|ahttp://publications.gc.ca|qPDF|s4.31 MB|uhttps://publications.gc.ca/collections/collection_2011/schl-cmhc/nh18-1-2/NH18-1-2-134-1999-eng.pdf |